000 01031cab a22002295a 4500
001 L139842
008 070814s2007 xxka f 000 0 eng d
035 _a(Sirsi) u139842
041 0 _aeng
100 1 _aAbsolon, Paul
245 0 0 _aSustainable sound insulation
260 _c2007
490 0 _aBuilding Engineer
_vAugust 2007, 20-21(2)
520 _aExamines ways to achieve sustainable sound insulation, in the context of the "Code for sustainable homes" and Part E requirements. Looks at the environmental impact, the longevity and the level of performance of acoustic products. Also considers the recycled content in acoustic flooring treatments and outlines six steps to ensure sustainable sound insulation.
590 _aKA
650 2 4 _aBUILDING REGULATIONS 2000 APPROVED DOCUMENT E (2003 EDITION)
650 2 4 _aDCLG CODE FOR SUSTAINABLE HOMES
651 4 _aUnited Kingdom
_y
690 _aBUILT ENVIRONMENT-CONSTRUCTION DESIGN-ACOUSTICS
690 _aBUILT ENVIRONMENT-SUSTAINABLE CONSTRUCTION
942 _n0
999 _c79102
_d79102